Statistiques concernant Liens géopolitiques entre pays

Cliquez ici pour prendre le quiz!

Statistiques générales

  • Ce quiz a été pris 264 fois
  • Le résultat moyen est 8 sur 16

Statistiques - réponses

IndiceRéponse% Correct
Le pays le plus grand du mondeRussie
100%
...ayant conclu un accord en 2023 pour aider à exporter les productions de céréales de ce pays alors en guerreUkraine
67%
...dont le premier fournisseur d'aide militaire est ce paysÉtats-Unis
65%
...ayant été en guerre en 2008 avec ce pays du CaucaseGéorgie
65%
...dont le vice-président également fils du président a été condamné à trois ans de prison dans ce paysFrance
60%
...ayant obtenu son indépendance de ce pays en 1811Espagne
58%
...dont le premier créancier et un des principaux investisseurs est ce pays d'AsieChine
56%
...comprenant deux régions sécessionistes dont l'indépendance est reconnue par ce pays d'Amérique du SudVenezuela
53%
...ayant rejoint l'OTAN en même temps que cet autre pays des balkansCroatie
42%
...étant entièrement enclavé dans ce paysItalie
41%
...revendiquant sa souveraineté sur cet état de facto indépendant, avec le 21e plus grand PIB au mondeTaïwan
36%
...ayant envahi puis occupé cet état des balkans en 1939Albanie
33%
...ayant des relations internationales officielles avec un état européen uniquement avec ce paysVatican
33%
...ayant également colonisé ce pays d'Afrique sub-saharienneGuinée équatoriale
25%
...dont un des territoires d'outre-mer est revendiqué par ce pays, malgré un référendum d'autodétermination tenu en 1976 et conclu par le maintien dans le précédentComores
23%
...ayant lancé une campagne de prospection en 2012 pour trouver du pétrole suite à la découverte de gisements par ce pays, son plus proche voisin continentalMozambique
18%

Distribution des résultats

Percentile par nombre de réponses

% des personnes avec chaque résultat

Votre développement - résultats

Vous n’avez pas pris ce quiz